Stereochemical studies. 58. Saturated heterocycles. 39. Preparation and steric structures of dihydro-1,3-oxazines, 1,3-oxazin-2-ones and 1,3-oxazine-2-thiones fused with norbornane and norbornene

Elmentve itt :
Bibliográfiai részletek
Szerzők: Stájer Géza
Szabó Enikő A.
Fülöp Ferenc
Bernáth Gábor
Sohár Pál
Dokumentumtípus: Cikk
Megjelent: 1983
Sorozat:JOURNAL OF HETEROCYCLIC CHEMISTRY 20 No. 5
Tárgyszavak:
doi:10.1002/jhet.5570200509

mtmt:28132
Online Access:http://publicatio.bibl.u-szeged.hu/33319
LEADER 01029nab a2200265 i 4500
001 publ33319
005 20250528101549.0
008 250528s1983 hu o 000 eng d
022 |a 0022-152X; 1943-5193 
024 7 |a 10.1002/jhet.5570200509  |2 doi 
024 7 |a 28132  |2 mtmt 
040 |a SZTE Publicatio Repozitórium  |b hun 
041 |a eng 
100 1 |a Stájer Géza 
245 1 0 |a Stereochemical studies. 58. Saturated heterocycles. 39. Preparation and steric structures of dihydro-1,3-oxazines, 1,3-oxazin-2-ones and 1,3-oxazine-2-thiones fused with norbornane and norbornene  |h [elektronikus dokumentum] /  |c  Stájer Géza 
260 |c 1983 
300 |a 1181-1185 
490 0 |a JOURNAL OF HETEROCYCLIC CHEMISTRY  |v 20 No. 5 
650 4 |a Kémiai tudományok 
650 4 |a Általános orvostudomány 
700 0 1 |a Szabó Enikő A.  |e aut 
700 0 1 |a Fülöp Ferenc  |e aut 
700 0 1 |a Bernáth Gábor  |e aut 
700 0 1 |a Sohár Pál  |e aut 
856 4 0 |u http://publicatio.bibl.u-szeged.hu/33319/1/aok_klny_768_83.pdf  |z Dokumentum-elérés